Library Logo

Pioneer International University Library Catalogue

THE NEW STYLE IN ELECTION CAMPAIGNS (Record no. 274)

MARC details
000 -LEADER
fixed length control field 00333nam a22001097a 4500
005 - DATE AND TIME OF LATEST TRANSACTION
control field 20250901165213.0
008 - FIXED-LENGTH DATA ELEMENTS--GENERAL INFORMATION
fixed length control field 210219b ||||| |||| 00| 0 eng d
050 ## - LIBRARY OF CONGRESS CALL NUMBER
Classification number JK 2281.A33 1976
245 ## - TITLE STATEMENT
Title THE NEW STYLE IN ELECTION CAMPAIGNS
Statement of responsibility, etc. AGRANOFF, ROBERT
260 ## - PUBLICATION, DISTRIBUTION, ETC.
Place of publication, distribution, etc. BOSTON
Name of publisher, distributor, etc. HOLBROOK
Date of publication, distribution, etc. 1976
942 ## - ADDED ENTRY ELEMENTS (KOHA)
Source of classification or shelving scheme Library of Congress Classification
Classification part JK 1991 .L52 2004
Holdings
Withdrawn status Lost status Source of classification or shelving scheme Damaged status Not for loan Home library Current library Shelving location Date acquired Total checkouts Full call number Barcode Date last seen Price effective from Koha item type
    Library of Congress Classification     Main Library Main Library   02/19/2021   JK 1991 .L52 2004 PIU 0004637 02/19/2021 02/19/2021 Books